| 000 | 00000nam##2200000za#4500 |
| 001 | 9.574576 |
| 003 | CaOODSP |
| 005 | 20210624184242 |
| 007 | cr ||||||||||| |
| 008 | 150406|1995||||xxc|||||o f|0| 0 eng|d |
| 022 | |a1205-9153 |
| 040 | |aCaOODSP|beng |
| 043 | |an-cn--- |
| 086 | 1 |aCS11-0019/83E-PDF |
| 245 | 00|aAlternative measures of the average duration of unemployment / |h[electronic resource]|cby Miles Corak and Andrew Heisz. |
| 260 | |aOttawa - Ontario : |bStatistics Canada |cDecember 1995. |
| 300 | |a18p.|bgraphs, tables |
| 490 | 1 |aAnalytical Studies Branch research paper series|x1205-9153|vNo. 83 |
| 500 | |aThe catalogue number (11F0019MPE) and ISBN (0-660-15585-0) for the print edition have been incorrectly copied in this electronic publication. |
| 504 | |aBibliography. |
| 520 | 3 |aThis paper examines the robustness of a measure of the average complete duration of unemployment in Canada to a host of assumptions used in its derivation.--Abstract |
| 590 | |a12-34-Supp|b2012-07-31 |
| 690 | 07|aUnemployment|2gcpds |
| 710 | 2 |aStatistics Canada. |
| 720 | 1 |aCorak, Miles |
| 720 | 1 |aHeisz, Andrew |
| 775 | 08|tMesures alternatives de la durée moyenne du chômage / |w(CaOODSP)9.604318 |
| 776 | 0#|tAlternative measures of the average duration of unemployment / |w(CaOODSP)9.612716 |
| 830 | #0|aResearch paper series (Statistics Canada. Analytical Studies Branch)|x1205-9153|vNo. 83|w(CaOODSP)9.504421 |
| 856 | 40|ahttp://publications.gc.ca|qPDF|s92 KB |uhttps://publications.gc.ca/collections/Collection/CS11-0019-83E.pdf|yNo. 83 |